| 000 | 00617nam a2200181 i 4500 | ||
|---|---|---|---|
| 001 | 35319 | ||
| 003 | ES-MaACL | ||
| 005 | 20230906155115.0 | ||
| 007 | t| | ||
| 008 | 030212s1963 sp ||||1| spa d | ||
| 100 | 1 |
_aBorges, Ana Dolores. _930457 |
|
| 245 | 1 | 3 |
_aLa Casa de Austria en Venezuela durante la Guerra de Sucesión Española _b: (1702-1715) / _cAnalola Borges ; prólogo de Alexander Randa. |
| 250 | _a[1ª ed.]. | ||
| 260 |
_a[Santa Cruz de Tenerife : _bs.n., _c1963] ( _fGoya) |
||
| 300 |
_a164 p., 4 lám. ; _c23 cm. |
||
| 700 | 1 |
_aRanda, Alexander, _eil. _995403 |
|
| 852 |
_aES-MaACL _jC-26620 _bR.54579 |
||
| 999 |
_c35319 _d35319 |
||